Academic misconduct among teacher education students : a descriptive-correlational study (Record no. 61743)

MARC details
000 -CABECERA
campo de control de longitud fija 00683nam a2200229 a 4500
005 - FECHA Y HORA DE LA ÚLTIMA TRANSACCIÓN
campo de control 20210219152826.0
008 - ELEMENTOS DE LONGITUD FIJA--INFORMACIÓN GENERAL
campo de control de longitud fija 991125n 000 0 eng u
035 ## - NÚMERO DE CONTROL DEL SISTEMA
Número de control de sistema UPN01000062483
100 ## - ASIENTO PRINCIPAL--NOMBRE PERSONAL
Nombre de persona Daniel, Larry G.
222 ## - TÍTULO CLAVE
Título clave RESEARCH IN HIGHER EDUCATION
245 ## - MENCIÓN DE TÍTULO
Título Academic misconduct among teacher education students : a descriptive-correlational study
300 ## - DESCRIPCIÓN FÍSICA
Extensión 703-724
362 ## - FECHAS DE PUBLICACIÓN Y/O DESIGNACIÓN SECUENCIAL
Fecha de publicación y/o designación secuencial 1991 32, No. 6
653 0# - TERMINO DE INDIZACION - NO CONTROLADO
Término no controlado ACTITUDES DEL ESTUDIANTE
653 0# - TERMINO DE INDIZACION - NO CONTROLADO
Término no controlado EDUCACION DEL MAESTRO EN CONSERVACION
653 0# - TERMINO DE INDIZACION - NO CONTROLADO
Término no controlado FRAUDE
653 0# - TERMINO DE INDIZACION - NO CONTROLADO
Término no controlado MODELOS DE CONDUCTA
700 ## - ASIENTO SECUNDARIO--NOMBRE DE PERSONAL
Nombre de persona Blount, Kevin D.
700 ## - ASIENTO SECUNDARIO--NOMBRE DE PERSONAL
Nombre de persona Ferrell, Charlotte M.
904 ## - ELEMENTOS DE DATOS D LOCAL, LDD (RLIN)
a AC
b 000294
905 ## - TIPO DE MATERIAL
Tipo de material Articulo

No items available.